Statystyki dla Które państwo produkuje najwięcej...

Kliknij tutaj aby rozwiązać quiz!

Ogólne statystyki

  • Ten quiz został rozwiązany 1,586 razy
  • Średni wynik to 6 z 22

Statystyki odpowiedzi

Produkt Najlepszi producenci % poprawnych
KukurydzaStany Zjednoczone
77%
Syrop klonowyKanada
75%
WinoWłochy / Hiszpania
74%
KawaBrazylia / Wietnam
59%
WęgielChiny
58%
OliwkiHiszpania / Grecja
55%
Trzcina cukrowaBrazylia
32%
DiamentyRosja / Botswana
29%
WełnaAustralia
24%
DaktyleEgipt / Iran
21%
AwokadoMeksyk
16%
MangoIndie
15%
OpiumAfganistan
14%
Olej palmowyIndonezja / Malezja
12%
KauczukTajlandia / Indonezja
11%
KorekPortugalia / Hiszpania
10%
MiedźChile / Peru
9%
CynamonIndonezja
6%
KobaltD. R. Konga
5%
MoreleTurcja
5%
PochrzynyNigeria / Ghana
3%
Komosa ryżowaPeru / Boliwia
3%

Rozkład punktacji

Percentyl według liczby udzielonych odpowiedzi

Procent ludzi z każdym wynikiem

Twoja historia wyników

Nie rozwiązałeś tego quizu